00951nam a2200277Ia 450000500170000000800410001702000190005810000290007724500680010625000190017430000570019349000160025060000680026665000380033465000400037265000330041265000380044594200150048326400260049833600270052433700330055133800280058404000350061208400110064799900150065820220317001123.0160825s2008 ck g 000 0 spa  a978958046910121 aNeruda, Pablod1904-197310aVeinte poemas de amor y una canción desesperadacPablo Neruda a2a. edición  a48, 93 páginas (En paginación variada) c18 cm  aCara y cruz14aNeruda, Pablo d1904-1973xCrítica e interpretación 966407142LEMBaPoesía chilena ySiglo XX142LEMBaLiteratura chilena ySiglo XX142LEMBaAmor en la literatura 142LEMB aErotismo en la literatura  2loccBKLIT aBogotábNormac2009 atextobtxt2rdacontent asin mediaciónbn2rdamedia avolumenbnc2rdacarrier aCO-BoRNBPbspaerdacCO-BoRNBP aP NER1 c5986d5986